000 00775nam a2200241 a 4500
001 15044
003 CO-ViMGA
008 141112s2004 ck r 000 u spa d
020 _a9586980731
040 _aCO-ViMGA
_bspa
_cCO-ViMGA
082 0 4 _a371.3 V174
100 1 _aVargas de Avella, Martha; Perez Abril, Mauricio; Saravia Canales, Luis Miguel
_921855
245 1 0 _aMateriales educativos :
_bConceptos en Construcción
260 _aBtá,
_cConvenio Andres Bello,
_c2001
300 _a192.p.
490 _aMateriales educativos para la educación básica
650 1 4 _aCALIDAD DE LA educación
_921856
650 1 4 _aMATERIAL DIDACTICO
_921857
650 1 4 _aPEDAGOGIA
_921858
650 1 4 _aPSICOPEDAGOGIA
_914915
650 1 4 _aTECNOLOGIA EDUCATIVA
942 _2ddc
_cBK
999 _c25475
_d25475